| 000 | 00692 a2200217 4500 | ||
|---|---|---|---|
| 005 | 20260429104951.0 | ||
| 008 | 260429b |||||||| |||| 00| 0 eng d | ||
| 020 | _a9789776475564 (hbk) | ||
| 037 | _cTB | ||
| 040 |
_aAL _cAL |
||
| 041 |
_2ARB _aARB |
||
| 084 |
_aT1 28Q4 _qAL |
||
| 100 |
_aDaib, Ranida Mustafa _9854030 |
||
| 245 | _aMinahij al-aleem fi riyaz al-tafal fi asar al-malumat | ||
| 260 |
_aCairo, Egypt: _bDarul nabagha, _c2014. |
||
| 300 | _a278p. | ||
| 365 |
_b910.00 _cINR |
||
| 650 | _aEducation | ||
| 942 |
_cTB _2CC _hT1 28Q4 |
||
| 999 |
_c1465790 _d1465790 |
||